|
|
|
|
| LEADER |
01667nam a2200505 a 4500 |
| 001 |
000642459 |
| 003 |
CZ BrMZK |
| 005 |
20090601122944.0 |
| 007 |
ta |
| 008 |
021216s2002 xr e f cze d |
| 015 |
|
|
|a cnb001197203
|
| 020 |
|
|
|a 80-903001-3-8
|
| 035 |
|
|
|a (OCoLC)53268395
|
| 040 |
|
|
|a BOA001
|b cze
|
| 041 |
1 |
|
|a cze
|h eng
|
| 043 |
|
|
|a n-mx---
|
| 072 |
|
7 |
|a 13
|x Filozofie ducha
|2 Konspekt
|9 5
|
| 080 |
|
|
|a 2-582/-587
|2 MRF
|
| 080 |
|
|
|a 316.628
|2 MRF
|
| 080 |
|
|
|a 17.02
|2 MRF
|
| 080 |
|
|
|a 2-584
|2 MRF
|
| 080 |
|
|
|a 13
|2 MRF
|
| 080 |
|
|
|a (=81/=82)
|2 MRF
|
| 080 |
|
|
|a (=822/=823)
|2 MRF
|
| 080 |
|
|
|a (72)
|2 MRF
|
| 080 |
|
|
|a (035)
|2 MRF
|
| 100 |
1 |
|
|a Gregg, Susan,
|d 1949-
|7 xx0004668
|4 aut
|
| 245 |
1 |
0 |
|a Cesta Toltéků :
|b praktická cesta k moudrosti a osobní svobodě /
|c Susan Greggová ; [z anglického originálu přeložila Tamara Vosecká]
|
| 250 |
|
|
|a 1. vyd.
|
| 260 |
|
|
|a Praha :
|b Dybbuk,
|c 2002
|
| 300 |
|
|
|a 181 s. :
|b il. ;
|c 20 cm
|
| 650 |
0 |
7 |
|a sebepoznání
|7 ph116116
|2 czenas
|
| 650 |
0 |
7 |
|a seberealizace
|7 ph125451
|2 czenas
|
| 650 |
0 |
7 |
|a životní harmonie
|7 ph138147
|2 czenas
|
| 650 |
0 |
7 |
|a životní moudrost
|7 ph128026
|2 czenas
|
| 650 |
0 |
7 |
|a Toltékové
|7 ph196659
|2 czenas
|
| 650 |
0 |
7 |
|a Indiáni
|7 ph117020
|z Mexiko
|2 czenas
|
| 650 |
0 |
7 |
|a duchovní život
|7 ph114375
|2 czenas
|
| 650 |
0 |
7 |
|a duchovní cvičení
|7 ph114371
|2 czenas
|
| 655 |
|
7 |
|a příručky
|7 fd133209
|2 czenas
|
| 700 |
1 |
|
|a Vosecká, Tamara
|7 ola2003182209
|4 trl
|
| 765 |
0 |
|
|t <<The >>toltec way
|9 Česky
|
| 910 |
|
|
|a BOA001
|b 2-1109.765
|
| 990 |
|
|
|a BK
|
| 996 |
6 |
|
|b 2610177414
|c 2-1109.765
|l MZK
|r Sklad / do 1 hodiny
|n 4
|p p.v.
|w 000642459
|u 000010
|a 1
|e BOA001
|j MZK50
|s P
|